| 000 | 00412nam a2200169Ia 4500 | ||
|---|---|---|---|
| 003 | GCL | ||
| 008 | 140319s9999 xx 000 0 eng d | ||
| 040 |
_aGCL / _cGCL |
||
| 082 | 0 | 4 |
_a860 _bV A |
| 100 | 1 | _aVIVANCO, LUIS | |
| 245 | 1 | 0 |
_aANTOLOGIA POETICA / _cVIVANCO, LUIS |
| 260 |
_a[S.N] : _bA LIANZA EDITORIAL |
||
| 300 | _a130 P | ||
| 650 | 0 | 4 | _aLITERATURE |
| 650 | 0 | 4 | _aSPANISH LITERATURE |
| 942 |
_2ddc _cBK |
||
| 999 |
_c23617 _d23617 |
||